Gironde - mort subite - Statistiques

Statistiques générales
  • Ce quiz a été pris 54 fois
  • Le résultat moyen est 11 sur 18
Answers on the Grid
Answers color-coded by a green-red scale on the quiz's grid according to % correct below.
Île Saint-Louis
Toulouse
Médoc
Saint-Émilion
Gare d'Austerlitz
Bordeaux
Perrache
Le territoire le plus grand de tous les départements métropolitains
Villenave-d'Ornon
Isle aux Herbes
Borgou
Le château d'Eck
L'ancienne province de Guyenne
La plage la plus longue de l'Europe
Libourne
Blaye
Stade de la Beaujoire
Vierzon
Château Margaux
Domaine de la Mordorée
Pauillac
Luc-sur-Mer
Arcachon
Gurué
Le lieu de naissance de Cousteau
Cognac
Mérignac
Biscarrosse
Agen
La plus haute dune d'Europe
Chateaubriand
Marinduque
Issoudun
Vendôme
Pessac
La plus grande place de France
 
Statistiques - réponses
Réponse % Correct
Médoc
95%
Bordeaux
93%
Saint-Émilion
81%
Libourne
79%
Arcachon
77%
Bordeaux Métropole Mérignac
77%
Bordeaux Métropole Pessac
70%
Blaye
67%
Pauillac
65%
Bordeaux Métropole Villenave-d'Ornon
65%
Grand domaine viticole Château Margaux
60%
La dune du Pilat La plus haute dune d'Europe
53%
Place des Quinconces La plus grande place de France
51%
Le territoire le plus grand de tous les départements métropolitains
51%
L'ancienne province de Guyenne
42%
Côte d'Argent La plage la plus longue de l'Europe
37%
Saint-André-de-Cubzac Le lieu de naissance de Cousteau
35%
Le château d'Eck
12%
Aucun quiz correspondant
Distribution des résultats
% des personnes avec chaque résultat
Percentile par nombre de réponses
Votre historique - résultats
Vous n’avez pas pris ce quiz